Estatísticas para Os 15 principais países com mortes por Covid19 - 3 junho 2021

Clique aqui para jogar o quiz

Estatísticas Gerais

  • Esse quiz foi jogado 16 vezes
  • A pontuação média é 15 de 24

Estatísticas das Respostas

total de
mortes
país% Correto
469 784Brasil
100%
611 611Estados Unidos
100%
340 719Índia
100%
80 099Espanha
93%
126 342Itália
93%
228 146México
93%
127 812Reino Unido
93%
89 605Alemanha
87%
79 873Argentina
80%
90 353Colômbia
80%
109 857França
80%
185 380Peru
67%
74 075Polônia
67%
122 660Rússia
67%
80 658Irão
60%
Bélgica
53%
Bulgária
33%
Chéquia
33%
Hungria
33%
Croácia
27%
Eslovénia
27%
Eslováquia
20%
Bósnia e Herzegovina
13%
Macedónia do Norte
7%

Distribuição das Pontuações

Percentil de Números Respondidos

Porcentagem de Pessoas com Cada Pontuação

Sua Pontuação Histórica

Você não jogou esse quiz